000 00666nam a2200205Ii 4500
003 JO-AjNU
008 230605s9999||||xx |||||||||||||| ||und||
040 _aJO-AjNU
_bara
_erda
_cJO-AjNU
041 _aara
050 1 4 _aG155.A1.M33 2013
100 3 _aتوفيق، ماهر عبدالعزيز,
_eauthor
_951017
245 0 0 _aصناعة السياحة
250 _aط1
264 3 1 _aعمان: دار زهران للنشر والتوزيع، 2013
300 _a257ص
336 _atext
_btxt
_2rdacontent
337 _aunmediated
_bn
_2rdamedia
338 _avolume
_bnc
_2rdacarrier
650 4 _aالسياحة - اقتصاد - صناعة السياحة
_951018
999 _aA22509
_c26077
_d26077